Southville International School and Colleges
Your cart is empty.
  • Cart
  • Lists
    Public lists Eva Luna New books Lux_list list_1
    Your lists Log in to create your own lists
  • Log in to your account
  • Your cookies
  • Search history
Southville International School and Colleges
  • Advanced search
  • Recent comments
  • Most popular
  • Libraries

Log in to your account

Log in with GOOGLE


If you do not have an external account, but do have a local account, you can still log in:

  1. Home
  2. MARC view: Marketing plan handbook /
Normal view MARC view ISBD view

Marketing plan handbook / (Record no. 25272)

[ view plain ]
MARC details
000 -LEADER
fixed length control field 00521nam a2200193 a 4500
005 - DATE AND TIME OF LATEST TRANSACTION
control field 20140310183613.0
008 - FIXED-LENGTH DATA ELEMENTS--GENERAL INFORMATION
fixed length control field 120829s19uu xx 00 eng d
020 ## - INTERNATIONAL STANDARD BOOK NUMBER
International Standard Book Number 9781599183626
050 ## - LIBRARY OF CONGRESS CALL NUMBER
Classification number HF 5415
Item number .B4848 2009
100 ## - MAIN ENTRY--PERSONAL NAME
Personal name Bly, Robert W.
245 ## - TITLE STATEMENT
Title Marketing plan handbook /
Statement of responsibility, etc Robert W. Bly.
260 ## - PUBLICATION, DISTRIBUTION, ETC. (IMPRINT)
Place of publication, distribution, etc Canada :
Name of publisher, distributor, etc Entrepreneur Press,
Date of publication, distribution, etc 2009.
300 ## - PHYSICAL DESCRIPTION
Extent 334 p. :
Other physical details ill. ;
Dimensions 23 cm.
521 ## - TARGET AUDIENCE NOTE
Target audience note
650 ## - SUBJECT ADDED ENTRY--TOPICAL TERM
Topical term or geographic name as entry element Marketing
650 ## - SUBJECT ADDED ENTRY--TOPICAL TERM
Topical term or geographic name as entry element Business planning
942 ## - ADDED ENTRY ELEMENTS (KOHA)
Koha item type Books
Source of classification or shelving scheme Library of Congress Classification
Call number prefix Foreign
Holdings
Withdrawn status Lost status Source of classification or shelving scheme Damaged status Home library Current library Shelving location Date acquired Source of acquisition Cost, normal purchase price Total Checkouts Full call number Barcode Date last seen Date checked out Copy number Price effective from Koha item type
    Library of Congress Classification   College Library College Library General Circulation Section 08/29/2012   1437.00 1 HF 5415 .B4848 2009 C15273 05/15/2018 10/19/2017 1 10/18/2013 Books

Marketing plan handbook /

APA

Bly R. W., . (2009). Marketing plan handbook. Canada: Entrepreneur Press.

Chicago

Bly Robert W, . 2009. Marketing plan handbook. Canada: Entrepreneur Press.

Harvard

Bly R. W., . (2009). Marketing plan handbook. Canada: Entrepreneur Press.

MLA

Bly Robert W, . Marketing plan handbook. Canada: Entrepreneur Press. 2009.

  • Place hold
  • Print
  • Cite
  • Add to your cart (remove)
  • Save record
    BIBTEX Dublin Core MARCXML MARC (non-Unicode/MARC-8) MARC (Unicode/UTF-8) MARC (Unicode/UTF-8, Standard) MODS (XML) RIS
  • More searches
    Search for this title in:
    Other Libraries (WorldCat) Other Databases (Google Scholar) Online Stores (Bookfinder.com) Open Library (openlibrary.org)

Exporting to Dublin Core...

SOUTHVILLE LIBRARY

Southville International School and Colleges Library

1281 Tropical Ave. Cor. Luxembourg St., BF Homes International, Las Pinas City

Tel. No. 8256374 / 252358 Loc. 117/146

Powered by Koha